000 00461nab a2200145Ia 4500
003 ES-SlBCS
005 20210601134624.0
008 140529s1988 xxu||||| |||| 00| 0 spa d
041 _aspa
100 1 _aVillanueva P., Leoncio
_9220359
245 0 0 _aFederico García Lorca, Poeta en New York
_c Leoncio Villanueva P.
600 1 4 _aGarcía Lorca, Federico
_d, 1898-1936
_9114700
773 0 _tAnthropos
_gvol. 9, nº. 16, 1988, págs. 125-136
_wRev38
942 _cAR
999 _c615422
_d615422